| 000 | 00489cam a2200193ua 4500 | ||
|---|---|---|---|
| 001 | 848 | ||
| 005 | 20260515113231.0 | ||
| 008 | 110421n ii |||gr||||Z||||||eng | ||
| 040 | _cMAIN | ||
| 082 | _a320.3 | ||
| 245 | 1 |
_aComparative political systems. _cBy L N Srivastava. |
|
| 250 | _a4th. | ||
| 260 |
_aDelhi.: _bSBD publisher.,999. |
||
| 300 |
_a432 p.: _c20 cm. |
||
| 653 | _aPolitical science. | ||
| 653 | _aComparative political system. | ||
| 700 | 1 | _aSrivastava, L N., | |
| 942 | _cBK | ||
| 999 |
_c772 _d772 |
||